000 00278nam a2200133Ia 4500
008 231017s9999 xx 000 0 und d
082 _a658
082 _bFCM
245 0 _aMulti Discipline
245 0 _cInfraGuide
260 _bInfraGuide
300 _c30cm
942 _cREP
999 _c606637
_d606637